000 01313cam a22003254i 4500
003 PE-LiUPU
005 20250731184107.0
008 150625s r 000 0 d
035 _a(Sirsi) a30699
040 _aPE-LiUPU
_bspa
_cPE-LiUPU
_erda
082 0 4 _a888.3
_bJ54c
_221
100 1 _aJenofonte,
_eautor.
245 1 0 _aCiropedia /
_cJenofonte
264 1 _aMadrid :
_bGredos,
_c1987.
336 _atext
_2rdacontent
337 _aunmediated
_2rdamedia
338 _avolume
_2rdacarrier
505 0 _aPrimera aproximación a la obra. - Cronología. - Modelos y fuentes. - Técnica y narrativa. - Ideología. - Lengua y estilo. - Influjo de la Ciropedía en la literatura posterior. - Texto. - Bibliografía . - Discrepancias textuales respecto a la ediciónde Bizos-Delebecque. - Sinopsis. - Libro I, II, III, IV, V, VI, VII, VIII.
526 _aP145
526 _aP127
526 _aP97
526 _aP14
526 _aP07
600 0 4 _aCiro
_cel Grande, Rey de Persia,
_yca. 600/575-530 a.C
_vFuentes.
650 0 _aLiteratura griega
_92064
942 _2ddc
_cBK
949 _a888.3 C
_wDEWEY
_c1
_i36175
_lCCODEBUL1
_mBUL
_p00.00
_r0
_sY
_tBOOK
_u2015-06-25
_xBIBLIOTECA
_zUNKNOWN
_0COMPRA
_o.STAFF. Colección General
980 _81
_gALBERTO SANCHEZ Responsable de Automatización
999 _c38170
_d38170